000 00629nam a2200217Ia 4500
005 20250508170053.0
008 008 250505s9999 xx 000 0 hin d
020 _a978-81-8457-608-5
037 _aTextual
040 _aFEDL
_beng
_cFEDL
041 _ahin
_2eng
084 _a371.26, PAT
_qFEDL
100 _aPatthak Ramesh Prasad
_9782902
245 0 _aAdhigam aakalan, mapan evan mulyankan
260 _aNew Delhi, India
_bKanishka Publishing House
_c2019
300 _a208p.
365 _aINR
_b650
700 _a Varma Mohan Rachna
_9782903
942 _cTEXL
_h371.26, PAT
999 _c1399060
_d1399060